Loading...
| Arts - Painting | 4 | 2 | 2 | 1 | 70 | 43 | 75.50 | 6 | 6 |
| Literature - Euro Lit | 0 | 5 | 0 | 0 | 50 | 72 | 84.00 | 5 | 5 |
| Literature - British Lit | 1 | 4 | 1 | 0 | 50 | 32 | 104.20 | 2 | 5 |
| Beliefs - Mythology | 1 | 3 | 0 | 0 | 45 | 61 | 86.75 | 4 | 4 |
| Literature - American Lit | 2 | 2 | 2 | 1 | 40 | 37 | 80.25 | 2 | 4 |
| Other - Other Academic | 1 | 2 | 1 | 1 | 30 | 68 | 94.33 | 2 | 3 |
| Science - Chemistry | 0 | 2 | 0 | 1 | 20 | 99 | 110.00 | 0 | 2 |
| Science - Other Science | 0 | 2 | 0 | 0 | 20 | 107 | 115.50 | 0 | 2 |
| Arts - Other Arts | 0 | 2 | 1 | 0 | 15 | 84 | 104.00 | 1 | 2 |
| History - Euro History | 0 | 2 | 1 | 0 | 15 | 71 | 76.50 | 1 | 2 |
| History - World History | 1 | 0 | 0 | 0 | 15 | 90 | 90.00 | 0 | 1 |
| Literature - World Lit | 0 | 2 | 1 | 0 | 15 | 88 | 92.00 | 1 | 2 |
| Other - Pop Culture | 0 | 2 | 1 | 0 | 15 | 96 | 111.50 | 0 | 2 |
| Science - Engineering | 0 | 1 | 0 | 0 | 10 | 93 | 93.00 | 0 | 1 |
| Other - Geo/CE | 0 | 1 | 0 | 0 | 10 | 87 | 87.00 | 0 | 1 |
| History - American History | 0 | 1 | 0 | 0 | 10 | 92 | 92.00 | 0 | 1 |
| Thought - Philosophy | 0 | 1 | 0 | 0 | 10 | 90 | 90.00 | 0 | 1 |
| Beliefs - Religion | 0 | 1 | 0 | 1 | 10 | 128 | 128.00 | 0 | 1 |
| Science - Physics | 0 | 2 | 2 | 1 | 10 | 84 | 106.00 | 1 | 2 |
| Science - Biology | 0 | 0 | 1 | 0 | -5 | 0.00 | 0 | 0 |